| 000 | 00000nam##2200000za#4500 |
| 001 | 9.570947 |
| 003 | CaOODSP |
| 005 | 20210624182503 |
| 007 | cr ||||||||||| |
| 008 | 150406|2009||||xxc|||||o f|0| 0 eng|d |
| 040 | |aCaOODSP|beng |
| 043 | |an-cn--- |
| 086 | 1 |aYC34-0/402-3E-PDF |
| 110 | 1 |aCanada. |bParliament. |bSenate. |bStanding Committee on Official Languages. |
| 245 | 10|aFrancophone arts and culture : |h[electronic resource]|bliving life to its fullest in minority settings / |cThe Honourable Maria Chaput, chair ; the Honourable Andrée Champagne, P.C., deputy chair. |
| 260 | |aOttawa - Ontario : |bSenate. |cJune 2009. |
| 300 | |a57p.|breferences, tables |
| 490 | 1 |aReport of the Standing Senate Committee on Official Languages|v40th Parliament, 2nd Session, [3rd report] |
| 590 | |a11-12-Supp|b2011-07-29 |
| 775 | 08|tLes arts et la culture francophones : |w(CaOODSP)9.601590 |
| 830 | #0|aReport of the Standing Senate Committee on Official Languages ;|v40th Parliament, 2nd Session, [3rd report]|w(CaOODSP)9.505258 |
| 856 | 40|ahttp://publications.gc.ca|qPDF|s429 KB|uhttps://publications.gc.ca/collections/collection_2011/sen/yc34-0/YC34-0-402-3-eng.pdf|y40th Parliament, 2nd Session, [3rd report] |